书目信息 |
| 题名: |
数字图像处理
|
|
| 作者: | 冈萨雷斯 , 伍兹 , 冈萨雷斯Rafael C. Gonzalez 著 | |
| 分册: | ||
| 出版信息: | 北京 电子工业出版社 2007 |
|
| 页数: | 793页 | |
| 开本: | 26cm | |
| 丛书名: | ||
| 单 册: | ||
| 中图分类: | TP391.41 | |
| 科图分类: | ||
| 主题词: | 数字图象处理--教材 , 数字图象处理 , 计算机应用 | |
| 电子资源: | ||
| ISBN: | 978-7-121-04398-7 | |
| 000 | 01385nam0-2200325 450- | |
| 001 | 0100005600 | |
| 005 | 20091014113935.23 | |
| 010 | @a978-7-121-04398-7@dCNY69.00 | |
| 100 | @a20071126d2007 em y0chiy50 ea | |
| 101 | 1 | @achi@ceng |
| 102 | @aCN@b110000 | |
| 105 | @aa z 000yy | |
| 106 | @ar | |
| 200 | 1 | @a数字图像处理@9shu zi tu xiang chu li@b专著@dDigital image processing@f(美)冈萨雷斯Rafael C. Gonzalez,(美)Richard E. Woods著@F(mei)gang sa lei si Rafael C.Gonzalez,(mei)Richard E.Woods zhu |
| 210 | @a北京@c电子工业出版社@d2007 | |
| 215 | @a793页@c图@d26cm | |
| 300 | @a教育部高等教育司推荐 国外优秀信息科学与技术系列教学用书 | |
| 306 | @a与Pearson Education培生教育出版亚洲有限公司合作出版 | |
| 330 | @a本书首先介绍了数字图像基础、空间域和频域的图像增强;然后讨论了图像复原、彩色图像处理、小波变换及多分辨率处理和图像压缩;最后讲述了形态学图像处理、图像分割、表示与描述以及目标识别等内容。 | |
| 510 | 1 | @aDigital image processing@zeng |
| 606 | 0 | @a数字图象处理@j教材 |
| 606 | 0 | @a数字图象处理 |
| 606 | 0 | @a计算机应用 |
| 690 | @aTP391.41@v4 | |
| 701 | 1 | @c(美)@a冈萨雷斯@9gang sa lei si@c(Gonzalez, Rafael C.)@4著 |
| 701 | 1 | @c(美)@a伍兹@9wu zi@c(Woods, Richard E.)@4著 |
| 701 | 0 | @a冈萨雷斯Rafael C. Gonzalez@Agang sa lei si Rafael C.Gonzalez@4著 |
| 801 | @aCN@bnygyxylib@c20091014 | |
| 901 | @a000010 | |
| 905 | @dTP391.41@b681579-81@eG082@f3 | |
| 数字图像处理=Digital image processing/(美)冈萨雷斯Rafael C. Gonzalez,(美)Richard E. Woods著.-北京:电子工业出版社,2007 |
| 793页:图;26cm |
| 教育部高等教育司推荐 国外优秀信息科学与技术系列教学用书 |
| ISBN 978-7-121-04398-7:CNY69.00 |
| 本书首先介绍了数字图像基础、空间域和频域的图像增强;然后讨论了图像复原、彩色图像处理、小波变换及多分辨率处理和图像压缩;最后讲述了形态学图像处理、图像分割、表示与描述以及目标识别等内容。 |
| ● |
| 相关链接 |
|
|
|
正题名:数字图像处理
索取号:TP391.41/G082
 
预约/预借
| 序号 | 登录号 | 条形码 | 馆藏地/架位号 | 状态 | 备注 |
| 1 | 681579 | 206815794 | 自科库301/301自科库 96排1列1层/ [索取号:TP391.41/G082] | 在馆 | |
| 2 | 681580 | 206815801 | 自科二线504/504自科库 6排4列4层/ [索取号:TP391.41/G082] | 在馆 | |
| 3 | 681581 | 206815810 | 自科库301/301自科库 96排1列1层/ [索取号:TP391.41/G082] | 在馆 |